Name a Valid Steely Dan Song - Statistics

General Stats
  • This quiz has been taken 140 times
    39 since last reset
  • The average score is 8 of 15
Answer Stats
Hint Answer % Correct
Song title contains a girl's name Aja - Josie - Peg - Gaslighting Abbie - Janie Runaway - Cousin Dupree - Lunch With Gina - Rose Darling - Rikki Don't Lose That Number
91%
On 'Gaucho' Babylon Sisters - Hey Nineteen - Glamour Profession - Gaucho - Time Out Of Mind - My Rival - Third World Man
89%
Title is five or more words long Daddy Don't Live In That New York City No More - Only A Fool Would Say That - Any Major Dude Will Tell You - Any World (That I'm Welcome To) - Brooklyn (Owes The Charmer Under Me) - Things I Miss The Most - What A Shame About Me - Throw Back The Little Ones - Everyone's Gone To The Movies - Rikki Don't Lose That Number - Turn That Heartbeat Over Again
89%
Contains a color in the song title Blues Beach - Green Book - Green Earrings - Black Friday - Deacon Blues - Your Gold Teeth - Your Gold Teeth II - Black Cow
77%
The song title begins with "The" The Fez - The Caves Of Altamira - The Boston Rag - The Royal Scam - The Last Mall
77%
Contains a location name in the title Barrytown - Brooklyn (Owes The Charmer Under Me) - The Caves Of Altamira - Daddy Don't Live In That New York City No More - Haitian Divorce - The Boston Rag - West Of Hollywood - Dallas
69%
Contains a solo from Denny Dias Do It Again - Bodhisattva - King of the World - Parker's Band - Aja - Green Earrings - Your Gold Teeth II - Any Major Dude Will Tell You
60%
The lead singer is not Donald Fagen Slang of Ages - Midnite Cruiser - Dirty Work - Brooklyn (Owes The Charmer Under Me)
60%
Appears on 'Alive in America' Babylon Sisters - Green Earrings - Bodhisattva - Reelin' In The Years - Josie - Peg - Third World Man - Kid Charlemagne - Sign In Stranger - Aja
49%
Charted in the US, but not in the top 20 Show Biz Kids - My Old School - Pretzel Logic - Black Friday - Bad Sneakers - Kid Charlemagne - The Fez - FM - Josie - Time Out Of Mind
43%
Contains the Purdie Shuffle Home At Last - Babylon Sisters
23%
Officially released before Can't Buy A Thrill Dallas - Sail the Waterway
20%
Songs written before Can't Buy A Thrill but appear on a later album Barrytown - The Caves Of Altamira - Charlie Freak - Any World (That I'm Welcome To) - Parker's Band - Your Gold Teeth
17%
Contains a string section Through With Buzz - FM
14%
Features Rick Derringer My Rival - Show Biz Kids - Chain Lightning
11%
No matching quizzes found
Score Distribution
Percent of People with Each Score
Percentile by Number Answered
Your Score History
You have not taken this quiz since the last reset